| 000 | 00468nam a22001817a 4500 | ||
|---|---|---|---|
| 003 | OSt | ||
| 005 | 20220902115211.0 | ||
| 008 | 220824b |||||||| |||| 00| 0 eng d | ||
| 020 | _a9780751500592 | ||
| 040 | _cIFM Library | ||
| 082 | _a658 | ||
| 100 | _aColeman, Ron | ||
| 245 | _a 525 Ways To Be A Better Manager | ||
| 260 |
_aBritain: _bGower Publishing Company Ltd, _c1990 |
||
| 300 | _axi, 162p. :ill.; 21cm. | ||
| 700 | _aBarrie, Giles | ||
| 942 |
_cBK _2ddc _n0 |
||
| 999 |
_c20183 _d20183 |
||